<?xml version="1.0" encoding="UTF-8"?><?xml-stylesheet type="text/xsl" href="static/style.xsl"?><OAI-PMH xmlns="http://www.openarchives.org/OAI/2.0/" xmlns:xsi="http://www.w3.org/2001/XMLSchema-instance" xsi:schemaLocation="http://www.openarchives.org/OAI/2.0/ http://www.openarchives.org/OAI/2.0/OAI-PMH.xsd"><responseDate>2026-04-18T02:58:27Z</responseDate><request verb="GetRecord" identifier="oai:www.recercat.cat:20.500.12327/1705" metadataPrefix="marc">https://recercat.cat/oai/request</request><GetRecord><record><header><identifier>oai:recercat.cat:20.500.12327/1705</identifier><datestamp>2025-10-22T11:28:18Z</datestamp><setSpec>com_2072_4428</setSpec><setSpec>com_2072_4427</setSpec><setSpec>col_2072_487898</setSpec></header><metadata><record xmlns="http://www.loc.gov/MARC21/slim" xmlns:dcterms="http://purl.org/dc/terms/" xmlns:xsi="http://www.w3.org/2001/XMLSchema-instance" xmlns:doc="http://www.lyncode.com/xoai" xsi:schemaLocation="http://www.loc.gov/MARC21/slim http://www.loc.gov/standards/marcxml/schema/MARC21slim.xsd">
   <leader>00925njm 22002777a 4500</leader>
   <datafield ind2=" " ind1=" " tag="042">
      <subfield code="a">dc</subfield>
   </datafield>
   <datafield ind2=" " ind1=" " tag="720">
      <subfield code="a">Teixidó, Neus</subfield>
      <subfield code="e">author</subfield>
   </datafield>
   <datafield ind2=" " ind1=" " tag="720">
      <subfield code="a">Usall, Josep</subfield>
      <subfield code="e">author</subfield>
   </datafield>
   <datafield ind2=" " ind1=" " tag="720">
      <subfield code="a">Torres, Rosario</subfield>
      <subfield code="e">author</subfield>
   </datafield>
   <datafield ind2=" " ind1=" " tag="260">
      <subfield code="c">2022-04-04</subfield>
   </datafield>
   <datafield ind2=" " ind1=" " tag="520">
      <subfield code="a">Biocontrol agents (BCAs) have been proposed and studied over recent decades as a suita‐ ble alternative to diminish or substitute synthetic fungicides used to control pre‐ and postharvest diseases. However, the development of BCAs has many constraints and obstacles that would have to be overcome before they could be successfully implemented in the market. For the BCA commer‐ cial development, the microorganism should be mass‐produced on a large‐scale, and, inde‐ pendently of the method used for the production, a particular plan regarding the formulation of BCAs by multidisciplinary approaches (liquid or solid) is required to optimize the yield, efficacy, and shelf life of the developed product. Unfortunately, not all BCAs can survive the conditions im‐ posed during the formulation process. Improved stability can be achieved by either using special conditions during growing or by adding protective substances to the formulation medium. Finally, BCAs should be formulated in such a way as to guarantee long‐term stability and ease of application of the product. Therefore, an accurate range of the packaging conditions should be considered to extend the shelf life of the formulated product, preferably up to two years. Herein, we discussed the main aspects regarding the production, formulation, packaging, and shelf life of BCAs.</subfield>
   </datafield>
   <datafield ind1="8" ind2=" " tag="024">
      <subfield code="a">Teixidó, Neus, Josep Usall, and Rosario Torres. 2022. "Insight Into A Successful Development Of Biocontrol Agents: Production, Formulation, Packaging, And Shelf Life As Key Aspects". Horticulturae 8 (4): 305. doi:10.3390/horticulturae8040305.</subfield>
   </datafield>
   <datafield ind1="8" ind2=" " tag="024">
      <subfield code="a">2311-7524</subfield>
   </datafield>
   <datafield ind1="8" ind2=" " tag="024">
      <subfield code="a">http://hdl.handle.net/20.500.12327/1705</subfield>
   </datafield>
   <datafield ind1="8" ind2=" " tag="024">
      <subfield code="a">https://doi.org/10.3390/horticulturae8040305</subfield>
   </datafield>
   <datafield ind2="0" ind1="0" tag="245">
      <subfield code="a">Insight into a Successful Development of Biocontrol Agents: Production, Formulation, Packaging, and Shelf Life as Key Aspects</subfield>
   </datafield>
</record></metadata></record></GetRecord></OAI-PMH>